[Event "Rio de Janeiro Duchamp op 5th"]
[Site "Rio de Janeiro"]
[Date "2024.12.07"]
[Round "8"]
[White "Chaves, Jorge Antonio Torre"]
[Black "Dos Santos, Haroldo Cunha Jr"]
[Result "0-1"]
[WhiteElo "1899"]
[BlackElo "2038"]
[PlyCount "91"]
[EventDate "2024.12.02"]
[EventType "swiss"]
[EventRounds "9"]
[EventCountry "BRA"]
[SourceTitle "CB50_2024"]
[SourceDate "2024.11.01"]
[SourceVersion "1"]
[SourceVersionDate "2024.11.01"]
[SourceQuality "2"]

1. Nf3 d5 2. c4 c6 3. b3 Bf5 4. Bb2 e6 5. e3 Nf6 6. Be2 h6 7. 0-0 Nbd7 8. d3 a5 9. Nbd2 Be7 10. Qc2 0-0 11. e4 dxe4 12. dxe4 Bh7 13. Ne5 Nc5 14. f3 Qb8 15. Qc3 Rd8 16. Rfd1 a4 17. a3 axb3 18. Nxb3 Na4 19. Qc2 Nxb2 20. Qxb2 Rxd1+ 21. Bxd1 Bd6 22. Nd3 Bxh2+ 23. Kf1 Qa7 24. Qf2 Qb8 25. Bc2 Nh5 26. g4 Nf6 27. Nbc5 Bd6 28. Kg2 b6 29. Nb3 c5 30. a4 Nd7 31. Ra2 f5 32. Nd2 fxg4 33. fxg4 Qb7 34. Qe3 Nf6 35. Nf2 Rd8 36. Kh3 Qc7 37. Nf3 Bf4 38. Qe2 Qf7 39. e5 Bxc2 40. Rxc2 Nh7 41. Rb2 Ng5+ 42. Nxg5 hxg5 43. Rxb6 Qg6 44. Rb2 Qh6+ 45. Kg2 Qh2+ 46. Kf1 0-1

[Event "Niteroi op 4th"]
[Site "Niteroi"]
[Date "2024.08.30"]
[Round "4"]
[White "Vaz, Osvaldo Jose"]
[Black "Chaves, Jorge Antonio Torre"]
[Result "0-1"]
[WhiteElo "1755"]
[BlackElo "1924"]
[PlyCount "84"]
[EventDate "2024.08.28"]
[EventType "swiss"]
[EventRounds "7"]
[EventCountry "BRA"]
[SourceTitle "CBM 221 Extra"]
[Source "ChessBase"]
[SourceDate "2024.09.30"]
[SourceVersion "1"]
[SourceVersionDate "2024.09.30"]
[SourceQuality "1"]

1. e4 g6 2. d4 Bg7 3. Nf3 d6 4. Nc3 Nd7 5. Be2 c6 6. 0-0 Qc7 7. Be3 Ngf6 8. h3 0-0 9. Qd2 e5 10. Rad1 Re8 11. dxe5 dxe5 12. a3 b6 13. Bc4 Nf8 14. Ng5 Ne6 15. f4 h6 16. Nxf7 Kxf7 17. f5 g5 18. Bxg5 hxg5 19. Qxg5 Qe7 20. Bb3 Kf8 21. fxe6 Bxe6 22. Nd5 cxd5 23. exd5 Bf7 24. Rd3 Rad8 25. Rg3 Bxd5 26. Bxd5 Rxd5 27. Rxf6+ Qxf6 28. Rf3 Qxf3 29. gxf3 Rd6 30. c4 Rf6 31. Qe3 Bh6 32. Qc3 Bf4 33. c5 Rc8 34. b4 bxc5 35. b5 c4 36. a4 Rg6+ 37. Kf1 Kf7 38. Qc2 Kf6 39. a5 Rcg8 40. Qxc4 Rg1+ 41. Ke2 R1g2+ 42. Kd3 Rd2+ 0-1

[Event "Rio de Janeiro Estadual op"]
[Site "Rio de Janeiro"]
[Date "2024.06.02"]
[Round "5"]
[White "Leal, Kaue Dos Santos"]
[Black "Chaves, Jorge Antonio Torre"]
[Result "0-1"]
[WhiteElo "1781"]
[BlackElo "1918"]
[PlyCount "68"]
[EventDate "2024.05.30"]
[EventType "swiss"]
[EventRounds "6"]
[EventCountry "BRA"]
[SourceTitle "CBM 220 Extra"]
[Source "ChessBase"]
[SourceDate "2024.07.31"]
[SourceVersion "1"]
[SourceVersionDate "2024.07.31"]
[SourceQuality "1"]

1. e4 c5 2. Nf3 d6 3. d4 cxd4 4. Nxd4 Nf6 5. Nc3 g6 6. Bc4 Bg7 7. f3 a6 8. Bb3 0-0 9. Be3 Nc6 10. Qd2 Bd7 11. 0-0-0 Rc8 12. Kb1 Ne5 13. Bh6 Nc4 14. Qc1 Qa5 15. Bxc4 Rxc4 16. Bxg7 Kxg7 17. Nb3 Qc7 18. h4 h5 19. g4 Be6 20. gxh5 Nxh5 21. Nd5 Bxd5 22. Rxd5 e5 23. Qd2 Rc8 24. Rxd6 Rxc2 25. Qd5 Qe7 26. Rd7 Qf6 27. Rd1 R2c7 28. Qd6 Rxd7 29. Qxd7 Qxf3 30. Qd5 Nf6 31. Qd3 Qxe4 32. Qxe4 Nxe4 33. Rd7 b5 34. Nc1 Nc5 0-1

[Event "Rio de Janeiro Estadual-ch"]
[Site "Rio de Janeiro"]
[Date "2023.10.14"]
[Round "4"]
[White "Pereira, Arthur Macedo"]
[Black "Chaves, Jorge Antonio Torre"]
[Result "0-1"]
[WhiteElo "1761"]
[BlackElo "1867"]
[PlyCount "103"]
[EventDate "2023.10.12"]
[EventType "swiss"]
[EventRounds "6"]
[EventCountry "BRA"]
[SourceTitle "EXT 2025"]
[Source "ChessBase"]
[SourceDate "2024.10.14"]
[SourceVersion "1"]
[SourceVersionDate "2024.10.14"]
[SourceQuality "1"]

1. d4 Nf6 2. c4 c5 3. d5 e6 4. Nc3 exd5 5. cxd5 d6 6. e4 g6 7. Nge2 Bg7 8. Ng3 0-0 9. Be2 a6 10. a4 Nbd7 11. 0-0 h5 12. Bg5 Qc7 13. Qd2 Kh7 14. f4 Ng4 15. Bxg4 Bd4+ 16. Kh1 hxg4 17. Qe2 Rh8 18. f5 f6 19. fxg6+ Kxg6 20. Be3 Ne5 21. Qf2 Nd3 22. Qg1 Be5 23. Nce2 Bd7 24. Nf4+ Nxf4 25. Bxf4 Bxb2 26. Ra2 Bd4 27. Be3 Be5 28. Bf4 Raf8 29. Bxe5 fxe5 30. Raf2 Qd8 31. Nf5 Bxf5 32. Rxf5 Rxf5 33. Rxf5 g3 34. h3 Qh4 35. Qf1 b5 36. Rf7 Rh5 37. Rd7 Qf4 38. Qxf4 exf4 39. Rxd6+ Kf7 40. Rxa6 b4 41. Re6 b3 42. Kg1 c4 43. Rb6 Re5 44. a5 Rxe4 45. Kf1 Rd4 46. Ke2 Rxd5 47. a6 Ra5 48. Rb4 Ra2+ 49. Kf3 b2 50. a7 c3 51. Rxf4+ Ke6 52. Rb4 0-1

[Event "Rio de Janeiro op 04"]
[Site "Rio de Janeiro"]
[Date "2023.05.01"]
[Round "6"]
[White "Chaves, Jorge Antonio Torre"]
[Black "Baeta, Marcio Netto"]
[Result "0-1"]
[WhiteElo "1850"]
[BlackElo "1857"]
[PlyCount "104"]
[EventDate "2023.04.29"]
[EventType "swiss"]
[EventRounds "6"]
[EventCountry "BRA"]
[SourceTitle "CBM 214 Extra"]
[Source "ChessBase"]
[SourceDate "2023.07.31"]
[SourceVersion "1"]
[SourceVersionDate "2023.07.31"]
[SourceQuality "1"]

1. d4 Nf6 2. Nf3 d5 3. Bg5 e6 4. Nbd2 c5 5. e3 Be7 6. c3 Nc6 7. Bd3 Qb6 8. Qc1 cxd4 9. exd4 h6 10. Bh4 Bd7 11. Nb3 Rc8 12. Qd1 g5 13. Bg3 Ne4 14. Bxe4 dxe4 15. Nfd2 f5 16. Nc4 Qb5 17. Nd6+ Bxd6 18. Bxd6 Kf7 19. Nc5 Be8 20. d5 Nd8 21. Qd4 Rg8 22. a4 Qb6 23. 0-0-0 Rg6 24. dxe6+ Nxe6 25. Nxe6 Rxe6 26. Qxb6 axb6 27. b3 Rxc3+ 28. Kb2 Rd3 29. Bb4 Bc6 30. Rhe1 Bd5 31. Rxd3 exd3 32. Rxe6 Kxe6 33. g3 Ke5 34. Bd2 f4 35. Kc3 Ke4 36. h4 gxh4 37. gxh4 h5 38. b4 Bc6 39. a5 bxa5 40. bxa5 Bb5 41. Kb4 Ba6 42. Kc3 Kf3 43. Bc1 Kg4 44. Kd4 Kf3 45. Ke5 Kxf2 46. Kxf4 Ke2 47. Kg5 d2 48. Bxd2 Kxd2 49. Kxh5 Kc3 50. Kg4 Kb4 51. Kf3 Kxa5 52. Ke3 Kb4 0-1

[Event "Rio de Janeiro op 04"]
[Site "Rio de Janeiro"]
[Date "2023.05.01"]
[Round "5"]
[White "Chaves, Jorge Antonio Torre"]
[Black "Carvalho, Joao Galetti"]
[Result "1-0"]
[WhiteElo "1850"]
[BlackElo "1531"]
[PlyCount "35"]
[EventDate "2023.04.29"]
[EventType "swiss"]
[EventRounds "6"]
[EventCountry "BRA"]
[SourceTitle "CBM 214 Extra"]
[Source "ChessBase"]
[SourceDate "2023.07.31"]
[SourceVersion "1"]
[SourceVersionDate "2023.07.31"]
[SourceQuality "1"]

1. e4 c5 2. b3 e6 3. Bb2 Nc6 4. Nf3 Nf6 5. Nc3 d5 6. exd5 exd5 7. Bb5 Bd6 8. Qe2+ Be6 9. 0-0-0 0-0 10. d4 Qa5 11. dxc5 Bxc5 12. Bxc6 bxc6 13. Na4 Bd6 14. Nd4 c5 15. Nxe6 Rae8 16. Bc3 Qc7 17. Nxc7 Rxe2 18. Nxd5 1-0

[Event "Rio de Janeiro op 04"]
[Site "Rio de Janeiro"]
[Date "2023.04.30"]
[Round "4"]
[White "Lima, Stefan Moisei Vieir"]
[Black "Chaves, Jorge Antonio Torre"]
[Result "1-0"]
[WhiteElo "2007"]
[BlackElo "1850"]
[PlyCount "77"]
[EventDate "2023.04.29"]
[EventType "swiss"]
[EventRounds "6"]
[EventCountry "BRA"]
[SourceTitle "CBM 214 Extra"]
[Source "ChessBase"]
[SourceDate "2023.07.31"]
[SourceVersion "1"]
[SourceVersionDate "2023.07.31"]
[SourceQuality "1"]

1. e4 c5 2. Nf3 Nc6 3. Bb5 Qc7 4. 0-0 a6 5. Bxc6 Qxc6 6. d4 cxd4 7. Nxd4 Qc7 8. Nc3 e6 9. a3 Nf6 10. f4 d6 11. Qf3 Be7 12. Be3 0-0 13. Rad1 b5 14. f5 e5 15. Nde2 Bb7 16. g4 d5 17. exd5 Rfd8 18. g5 e4 19. Qg3 Bd6 20. Qg2 Nxd5 21. Nxd5 Bxd5 22. Rxd5 Bxh2+ 23. Qxh2 Qxh2+ 24. Kxh2 Rxd5 25. Nc3 Re5 26. Kg3 Rc8 27. Kf4 Ree8 28. Rf2 f6 29. gxf6 gxf6 30. Rd2 Kf7 31. Nxe4 Rc4 32. Bd4 Rc6 33. Nxf6 Re1 34. Nxh7 Rh6 35. Ng5+ Ke8 36. Nf3 Rf1 37. Re2+ Kf7 38. Kg4 Rd6 39. Ng5+ 1-0

[Event "Rio de Janeiro op 04"]
[Site "Rio de Janeiro"]
[Date "2023.04.29"]
[Round "1"]
[White "Chaves, Jorge Antonio Torre"]
[Black "Limp, Eduardo Thelio"]
[Result "1/2-1/2"]
[WhiteElo "1850"]
[BlackElo "2294"]
[PlyCount "114"]
[EventDate "2023.04.29"]
[EventType "swiss"]
[EventRounds "6"]
[EventCountry "BRA"]
[SourceTitle "CBM 214 Extra"]
[Source "ChessBase"]
[SourceDate "2023.07.31"]
[SourceVersion "1"]
[SourceVersionDate "2023.07.31"]
[SourceQuality "1"]

1. e4 c5 2. d4 cxd4 3. c3 d3 4. Bxd3 Nc6 5. c4 g6 6. Nc3 Bg7 7. Be3 d6 8. f3 Nf6 9. Qd2 Ne5 10. Nge2 0-0 11. Rc1 Be6 12. b3 Qa5 13. Bb1 Rfc8 14. 0-0 Nfd7 15. Nd5 Qxd2 16. Bxd2 Bxd5 17. exd5 Nc5 18. Bc3 a6 19. Rfd1 b5 20. f4 Ng4 21. Bxg7 Kxg7 22. Rd4 bxc4 23. Rcxc4 a5 24. h3 Nf6 25. Bc2 Ncd7 26. Bd3 Nb6 27. Rxc8 Rxc8 28. Bc4 Nfd7 29. Nc3 Nxc4 30. bxc4 Nb6 31. Kf2 Rxc4 32. Rxc4 Nxc4 33. Ke2 Nb6 34. Kd3 f5 35. Kd4 Kf6 36. h4 h6 37. g3 g5 38. hxg5+ hxg5 39. a3 g4 40. Kd3 Nd7 41. Kc4 e5 42. dxe6 Kxe6 43. Ne2 Nc5 44. Nd4+ Kf6 45. Kd5 Ne4 46. Ne2 a4 47. Kc6 Ke6 48. Nd4+ Kf6 49. Ne2 Ke7 50. Kb5 d5 51. Kxa4 d4 52. Nxd4 Nxg3 53. Kb5 Kd6 54. a4 Kc7 55. a5 Nh5 56. Nxf5 g3 57. Nxg3 Nxg3 1/2-1/2

[Event "Rio de Janeiro Duchamp op 4th"]
[Site "Rio de Janeiro"]
[Date "2022.12.12"]
[Round "7"]
[White "Chaves, Jorge Antonio Torre"]
[Black "Hirano, Enzo Erich Kreutz"]
[Result "1/2-1/2"]
[WhiteElo "1855"]
[BlackElo "1691"]
[PlyCount "71"]
[EventDate "2022.12.07"]
[EventType "swiss"]
[EventRounds "9"]
[EventCountry "BRA"]
[SourceTitle "CBM 211 Extra"]
[Source "ChessBase"]
[SourceDate "2023.01.31"]
[SourceVersion "1"]
[SourceVersionDate "2023.01.31"]
[SourceQuality "1"]

1. b3 e5 2. Bb2 Nc6 3. c4 Nf6 4. e3 d5 5. d3 Bd6 6. Be2 0-0 7. h4 d4 8. e4 Bb4+ 9. Kf1 Ne7 10. a3 Bd6 11. g4 Ng6 12. Nh3 c5 13. h5 Nf4 14. Nxf4 exf4 15. Nd2 Nd7 16. f3 h6 17. Qe1 Be7 18. Qf2 Bg5 19. b4 b6 20. Bd1 Ne5 21. Be2 Qc7 22. Nb3 Rd8 23. Rd1 Bd7 24. Rd2 Be6 25. Nc1 Rd6 26. Rd1 Rad8 27. Kg2 a5 28. b5 Bc8 29. Nb3 Qd7 30. Nd2 Rf6 31. Rh3 Qd6 32. Rdh1 Be6 33. Rc1 Qd7 34. Rch1 Qd6 35. Bc1 Bc8 36. Kf1 1/2-1/2

[Event "Rio de Janeiro Duchamp op 4th"]
[Site "Rio de Janeiro"]
[Date "2022.12.11"]
[Round "6"]
[White "Do Nascimento, Christian Almeida"]
[Black "Chaves, Jorge Antonio Torre"]
[Result "1-0"]
[WhiteElo "2087"]
[BlackElo "1855"]
[PlyCount "63"]
[EventDate "2022.12.07"]
[EventType "swiss"]
[EventRounds "9"]
[EventCountry "BRA"]
[SourceTitle "CBM 211 Extra"]
[Source "ChessBase"]
[SourceDate "2023.01.31"]
[SourceVersion "1"]
[SourceVersionDate "2023.01.31"]
[SourceQuality "1"]

1. d4 Nf6 2. Bg5 d5 3. Nd2 e6 4. e3 Be7 5. Bd3 Nbd7 6. f4 c5 7. c3 Qc7 8. Ngf3 b6 9. 0-0 Bb7 10. Ne5 h6 11. Bh4 a6 12. Rc1 Nxe5 13. fxe5 Ne4 14. Bxe4 Bxh4 15. Qh5 dxe4 16. Qxh4 g5 17. Qg4 0-0-0 18. Nc4 Rd7 19. b4 Bd5 20. Nd6+ Kb8 21. c4 Ba8 22. bxc5 bxc5 23. Qd1 f5 24. Qa4 Rxd6 25. exd6 Qxd6 26. Rb1+ Ka7 27. dxc5 Qc6 28. Qa5 Rh7 29. Rb6 Qc8 30. c6 Bxc6 31. Qc5 Bb7 32. Rc6+ 1-0

[Event "Rio de Janeiro Duchamp op 4th"]
[Site "Rio de Janeiro"]
[Date "2022.12.10"]
[Round "4"]
[White "Von Buelow, Georg"]
[Black "Chaves, Jorge Antonio Torre"]
[Result "1-0"]
[WhiteElo "2361"]
[BlackElo "1855"]
[PlyCount "53"]
[EventDate "2022.12.07"]
[EventType "swiss"]
[EventRounds "9"]
[EventCountry "BRA"]
[SourceTitle "CBM 211 Extra"]
[Source "ChessBase"]
[SourceDate "2023.01.31"]
[SourceVersion "1"]
[SourceVersionDate "2023.01.31"]
[SourceQuality "1"]

1. e4 Nc6 2. Nf3 e5 3. Bb5 Nf6 4. 0-0 Nxe4 5. d4 Be7 6. dxe5 0-0 7. Qd5 Nc5 8. Be3 Ne6 9. Nc3 a6 10. Bc4 b5 11. Bb3 Bb7 12. Rad1 d6 13. Qe4 Na5 14. Bd5 Bxd5 15. Nxd5 Nc4 16. Bc1 Rb8 17. b3 Nb6 18. Nxe7+ Qxe7 19. exd6 cxd6 20. Ng5 g6 21. Qh4 h5 22. Qg3 Qf6 23. Ne4 Qg7 24. Nxd6 Rfd8 25. h4 Nd7 26. Bd2 Rb6 27. Ba5 1-0

[Event "Rio de Janeiro Duchamp op 4th"]
[Site "Rio de Janeiro"]
[Date "2022.12.07"]
[Round "1"]
[White "Chaves, Jorge Antonio Torre"]
[Black "Galego, Luis"]
[Result "0-1"]
[WhiteElo "1855"]
[BlackElo "2471"]
[PlyCount "80"]
[EventDate "2022.12.07"]
[EventType "swiss"]
[EventRounds "9"]
[EventCountry "BRA"]
[SourceTitle "CBM 211 Extra"]
[Source "ChessBase"]
[SourceDate "2023.01.31"]
[SourceVersion "1"]
[SourceVersionDate "2023.01.31"]
[SourceQuality "1"]

1. d4 Nf6 2. Nf3 d6 3. Bg5 Nbd7 4. e3 e5 5. Nbd2 Be7 6. dxe5 dxe5 7. Bc4 0-0 8. e4 c6 9. a4 Qc7 10. h3 Nc5 11. Qe2 h6 12. Bh4 Nh5 13. Bg3 Nxg3 14. fxg3 Ne6 15. c3 a5 16. Bd3 Bc5 17. Nc4 b5 18. axb5 cxb5 19. Ne3 b4 20. Nd5 Qb8 21. Nh4 Ng5 22. Rf1 bxc3 23. bxc3 a4 24. Nf5 Bxf5 25. Rxf5 a3 26. Ra2 Ra7 27. h4 Ne6 28. Qc2 Rb7 29. Ke2 Qd6 30. Rf1 Rfb8 31. Kf3 h5 32. g4 hxg4+ 33. Kxg4 Rb2 34. Rxb2 Rxb2 35. Qa4 Nc7 36. Kh3 Qe6+ 37. g4 Nxd5 38. exd5 Qxd5 39. Be4 Qd8 40. Qc4 Bf2 0-1

[Event "Niteroi op 2nd"]
[Site "Niteroi"]
[Date "2022.09.07"]
[Round "9"]
[White "Boabaid, Jorge Alberto Duard"]
[Black "Chaves, Jorge Antonio Torre"]
[Result "1/2-1/2"]
[WhiteElo "1780"]
[BlackElo "1865"]
[PlyCount "149"]
[EventDate "2022.09.01"]
[EventType "swiss"]
[EventRounds "9"]
[EventCountry "BRA"]
[SourceTitle "EXT 2024"]
[Source "ChessBase"]
[SourceDate "2023.10.10"]
[SourceVersion "1"]
[SourceVersionDate "2023.10.10"]
[SourceQuality "1"]

1. e4 c5 2. Nf3 Nc6 3. d4 cxd4 4. Nxd4 e5 5. Nb5 a6 6. Nd6+ Bxd6 7. Qxd6 Qf6 8. Qd1 Qg6 9. Nc3 Nf6 10. f3 d5 11. Nxd5 Nxd5 12. Qxd5 0-0 13. c3 Be6 14. Qc5 Rac8 15. Qf2 f5 16. Bd3 fxe4 17. Bxe4 Bf5 18. Bxf5 Rxf5 19. 0-0 e4 20. f4 Ne5 21. Qg3 Qxg3 22. hxg3 Ng4 23. Re1 Rd8 24. Be3 Rd3 25. Bd4 Rd2 26. b3 Rh5 27. Rad1 Rxa2 28. Ra1 Rha5 29. c4 Rxa1 30. Rxa1 Rxa1+ 31. Bxa1 Kf7 32. Kf1 g6 33. Ke2 Ke6 34. Bc3 b5 35. c5 Kd5 36. b4 Nh6 37. Bf6 Ng4 38. Be7 h5 39. Bd8 Nh6 40. Kf2 Nf5 41. Bf6 Kc4 42. c6 Kd3 43. Ke1 Nd6 44. Be7 Nc8 45. Bf8 Kc4 46. Ke2 Kd5 47. Ke3 Kxc6 48. Kxe4 Nb6 49. f5 gxf5+ 50. Kxf5 Kd7 51. Kg5 Ke8 52. Bc5 Nd7 53. Bd4 Kf7 54. Kxh5 Nf8 55. g4 Ng6 56. g3 Ne7 57. g5 Ng6 58. Kh6 Ne7 59. Kh7 Ng6 60. Bc5 Ne5 61. Bd6 Ng6 62. Bc5 Ne5 63. Bd4 Ng6 64. Bf6 Nf8+ 65. Kh6 Ng6 66. Kh5 Nf8 67. Kg4 Kg6 68. Kf4 Kf7 69. Kf5 Ng6 70. Bd4 Ne7+ 71. Ke4 Ke6 72. Bc5 Ng6 73. Bd4 Ne7 74. Bc5 Ng6 75. Be3 1/2-1/2

[Event "Rio de Janeiro State-ch"]
[Site "Rio de Janeiro"]
[Date "2022.04.30"]
[Round "3"]
[White "Lage, Pedro Ferreira"]
[Black "Chaves, Jorge Antonio Torre"]
[Result "1-0"]
[WhiteElo "2100"]
[BlackElo "1855"]
[PlyCount "75"]
[EventDate "2022.04.29"]
[EventType "swiss"]
[EventRounds "6"]
[EventCountry "BRA"]
[SourceTitle "EXT 2023"]
[Source "ChessBase"]
[SourceDate "2022.10.05"]
[SourceVersion "1"]
[SourceVersionDate "2022.10.05"]
[SourceQuality "1"]

1. Nf3 f5 2. g3 g6 3. Bg2 Bg7 4. d4 Nf6 5. 0-0 0-0 6. c4 d6 7. Nc3 Qe8 8. d5 e5 9. dxe6 Bxe6 10. Nd4 Bc8 11. Qb3 c6 12. Qa3 Nh5 13. Rd1 Qe7 14. Nf3 Rd8 15. Bg5 Bf6 16. Bxf6 Nxf6 17. Rd4 Na6 18. Rad1 Nc5 19. b4 Nce4 20. Nxe4 Nxe4 21. Nd2 Nf6 22. e4 Be6 23. Qe3 Qf7 24. exf5 Bxf5 25. Nf3 Re8 26. Qf4 Ne4 27. Ng5 Nxg5 28. Qxg5 Rad8 29. h4 Qe6 30. b5 Qc8 31. bxc6 bxc6 32. Rxd6 Rxd6 33. Rxd6 Qb8 34. Qf6 Qb1+ 35. Kh2 Qxa2 36. Rxc6 Qxf2 37. Rc7 Qxg2+ 38. Kxg2 1-0

[Event "Rio de Janeiro Guanabara op 1st"]
[Site "Rio de Janeiro"]
[Date "2022.04.09"]
[Round "1"]
[White "Chaves, Jorge Antonio Torre"]
[Black "Lima, Darcy Gustavo Macha"]
[Result "0-1"]
[WhiteElo "1855"]
[BlackElo "2491"]
[PlyCount "98"]
[EventDate "2022.04.09"]
[EventType "swiss"]
[EventRounds "6"]
[EventCountry "BRA"]
[SourceTitle "EXT 2023"]
[Source "ChessBase"]
[SourceDate "2022.10.05"]
[SourceVersion "1"]
[SourceVersionDate "2022.10.05"]
[SourceQuality "1"]

1. e4 d6 2. d4 g6 3. Nf3 Bg7 4. Nc3 c6 5. a4 Nf6 6. Be2 0-0 7. 0-0 Nbd7 8. h3 Qc7 9. Be3 e5 10. Qd2 Re8 11. dxe5 dxe5 12. Bc4 Nb6 13. Bb3 Be6 14. Bxe6 Rxe6 15. Qe2 a5 16. Rfd1 Bf8 17. Ng5 Ree8 18. h4 h6 19. Nh3 Rad8 20. f3 Nh5 21. Kh2 Nf4 22. Nxf4 exf4 23. Bf2 Bg7 24. Rxd8 Rxd8 25. Nd1 Nd7 26. c3 Ne5 27. Be1 h5 28. Nf2 Ng4+ 29. Kh1 Ne3 30. Nd1 Qb6 31. Nxe3 fxe3 32. g3 Bf8 33. Kg2 Qb3 34. Kf1 Bc5 35. Kg2 Rd7 36. Kh3 Kf8 37. Kg2 Ke8 38. Kh3 Kd8 39. Kh2 Kc8 40. Kh3 f6 41. Kg2 f5 42. exf5 gxf5 43. f4 Qd5+ 44. Kh2 Qe4 45. b4 axb4 46. a5 b3 47. a6 Qc2 48. Qxc2 bxc2 49. axb7+ Kxb7 0-1

[Event "Rio de Janeiro Estadual-ch"]
[Site "Rio de Janeiro"]
[Date "2021.11.14"]
[Round "3"]
[White "Chaves, Jorge Antonio Torre"]
[Black "Campos, Alexandre Ferreira"]
[Result "1-0"]
[WhiteElo "1865"]
[BlackElo "2043"]
[PlyCount "133"]
[EventDate "2021.11.13"]
[EventType "swiss"]
[EventRounds "6"]
[EventCountry "BRA"]
[SourceTitle "CBM 205 Extra"]
[Source "ChessBase"]
[SourceDate "2022.01.31"]
[SourceVersion "1"]
[SourceVersionDate "2022.01.31"]
[SourceQuality "1"]

1. d4 f5 2. h4 Nf6 3. Nf3 e6 4. Bg5 Be7 5. e3 0-0 6. Nbd2 b6 7. Bd3 Bb7 8. Qe2 d5 9. Ne5 Nbd7 10. 0-0 Nxe5 11. dxe5 Ne4 12. Bxe7 Qxe7 13. Nf3 c5 14. c3 c4 15. Bc2 Nc5 16. g3 Nd7 17. Qd1 a6 18. Qd4 h6 19. Ne1 g5 20. Ng2 Qg7 21. f4 gxf4 22. gxf4 Kh8 23. Rf2 Rg8 24. Kf1 Nb8 25. Qd2 Qg3 26. e4 dxe4 27. Qe3 Nd7 28. Rd1 Nc5 29. Rd6 Nd3 30. Rxe6 Qxf2+ 31. Qxf2 Nxf2 32. Kxf2 Kh7 33. Ne3 Rad8 34. Re7+ Kh8 35. Nxc4 e3+ 36. Nxe3 Rd2+ 37. Ke1 Rh2 38. Bxf5 Rg1+ 39. Nf1 Bg2 40. Bd3 Bxf1 41. Bxf1 Rhh1 42. Ke2 Rxf1 43. Ke3 Rxh4 44. Rf7 Rb1 45. b3 Ra1 46. Ke4 Rxa2 47. e6 Kg8 48. Ke5 Rf2 49. f5 Rhf4 50. Rf6 R4f3 51. Rf7 Rxc3 52. Kd6 Rd3+ 53. Ke7 h5 54. f6 Re3 55. Rg7+ Kh8 56. Rg5 Kh7 57. Kf7 Rxf6+ 58. Kxf6 Rf3+ 59. Ke5 Kh6 60. Rg1 h4 61. e7 Re3+ 62. Kf6 h3 63. Rh1 Rf3+ 64. Ke6 Kg5 65. Re1 Rf6+ 66. Kd5 Rf5+ 67. Kd4 1-0

[Event "Rio de Janeiro Estadual-ch"]
[Site "Rio de Janeiro"]
[Date "2021.11.14"]
[Round "4"]
[White "Da Matta, Eduardo Cesar"]
[Black "Chaves, Jorge Antonio Torre"]
[Result "1-0"]
[WhiteElo "2007"]
[BlackElo "1865"]
[PlyCount "88"]
[EventDate "2021.11.13"]
[EventType "swiss"]
[EventRounds "6"]
[EventCountry "BRA"]
[SourceTitle "CBM 205 Extra"]
[Source "ChessBase"]
[SourceDate "2022.01.31"]
[SourceVersion "1"]
[SourceVersionDate "2022.01.31"]
[SourceQuality "1"]

1. d4 Nf6 2. c4 c5 3. d5 e6 4. Nc3 exd5 5. cxd5 d6 6. Nf3 g6 7. Bf4 a6 8. a4 Bg7 9. h3 0-0 10. e3 b6 11. Be2 Qe7 12. Nd2 Nbd7 13. Nc4 Ne8 14. 0-0 Rb8 15. Qb3 g5 16. Bg3 f5 17. Rae1 f4 18. exf4 gxf4 19. Bh2 Qh4 20. Bg4 Ne5 21. Nxe5 Bxe5 22. Bxc8 Rxc8 23. Rxe5 c4 24. Qxb6 Rf7 25. Re4 Qg5 26. Qd4 Rg7 27. g3 Qh5 28. Rxf4 Qxh3 29. Qe4 Nc7 30. Qf5 Qxf5 31. Rxf5 Rb8 32. Rb1 Rf7 33. Rxf7 Kxf7 34. g4 Ke7 35. Ne4 Ne8 36. Re1 Kd7 37. Re2 Rb4 38. Nc3 Nc7 39. Kg2 Rb8 40. f4 Rf8 41. Kf3 h6 42. f5 h5 43. Bg3 hxg4+ 44. Kxg4 Rg8+ 1-0

[Event "Rio de Janeiro Estadual-ch"]
[Site "Rio de Janeiro"]
[Date "2021.11.13"]
[Round "1"]
[White "Chaves, Jorge Antonio Torre"]
[Black "Lima, Darcy Gustavo Macha"]
[Result "0-1"]
[WhiteElo "1865"]
[BlackElo "2501"]
[PlyCount "68"]
[EventDate "2021.11.13"]
[EventType "swiss"]
[EventRounds "6"]
[EventCountry "BRA"]
[SourceTitle "CBM 205 Extra"]
[Source "ChessBase"]
[SourceDate "2022.01.31"]
[SourceVersion "1"]
[SourceVersionDate "2022.01.31"]
[SourceQuality "1"]

1. Nf3 Nf6 2. c4 g6 3. b3 Bg7 4. Bb2 d6 5. g3 0-0 6. Bg2 e5 7. d3 Nh5 8. Qc2 f5 9. Nbd2 c5 10. e4 Nc6 11. a3 f4 12. Rb1 g5 13. Bc3 g4 14. Nh4 f3 15. Bf1 Nf6 16. b4 b6 17. Nb3 Ne8 18. b5 Nd4 19. Nxd4 cxd4 20. Bd2 a6 21. a4 axb5 22. axb5 Rf7 23. Qc1 Rfa7 24. c5 dxc5 25. Qc4+ Rf7 26. h3 h5 27. hxg4 hxg4 28. Qc1 Nd6 29. Bh6 Qf6 30. Bg5 Qe6 31. Bd8 Qa2 32. Bxb6 Bh6 33. Qd1 Bd2+ 34. Qxd2 Qxb1+ 0-1

[Event "Rio de Janeiro Duchamp op 3rd"]
[Site "Rio de Janeiro"]
[Date "2019.12.08"]
[Round "3"]
[White "De Oliveira, Joao Eudes"]
[Black "Chaves, Jorge Antonio Torre"]
[Result "1-0"]
[WhiteElo "1647"]
[BlackElo "1916"]
[PlyCount "157"]
[EventDate "2019.12.07"]
[EventType "swiss"]
[EventRounds "9"]
[EventCountry "BRA"]
[SourceTitle "EXT 2021"]
[Source "ChessBase"]
[SourceDate "2020.10.23"]
[SourceVersion "1"]
[SourceVersionDate "2020.10.23"]
[SourceQuality "1"]

1. Nf3 Nf6 2. d4 c5 3. c3 d5 4. Bg5 Ne4 5. Bf4 Nc6 6. Nbd2 e6 7. e3 Nxd2 8. Qxd2 a6 9. a4 c4 10. Be2 Na5 11. Bd1 Bd6 12. Bxd6 Qxd6 13. 0-0 f6 14. Re1 Bd7 15. Bc2 0-0 16. Qe2 f5 17. Ne5 Be8 18. f4 Rc8 19. Qf2 Rc7 20. Qh4 Qe7 21. Qh3 Rf6 22. g4 Rh6 23. Qg3 fxg4 24. Qxg4 Rh4 25. Qg3 Bh5 26. Kf2 Nc6 27. Nf3 Bxf3 28. Kxf3 Qf6 29. Rg1 Rf7 30. Ke2 Qh6 31. Rg2 Ne7 32. Rf1 Qh5+ 33. Kd2 Rh3 34. Qf2 Qh4 35. Qxh4 Rxh4 36. Rff2 b6 37. Rg5 Nf5 38. e4 dxe4 39. Bxe4 Nd6 40. Ke3 Rh3+ 41. Rg3 Rh5 42. Rfg2 Nxe4 43. Kxe4 Ra5 44. Rg5 Rxa4 45. Ke5 Re7 46. Kd6 Kf8 47. Re5 g6 48. Rxe6 Rxe6+ 49. Kxe6 Ra1 50. Rf2 Re1+ 51. Kd6 Kf7 52. d5 b5 53. Kc6 Ke7 54. d6+ Kd8 55. f5 g5 56. f6 Re8 57. f7 Rf8 58. Kb6 Kd7 59. Rf6 h5 60. Kxa6 g4 61. Kxb5 h4 62. Kxc4 g3 63. hxg3 hxg3 64. Rg6 Rc8+ 65. Kd3 Rf8 66. Rxg3 Rxf7 67. Rg6 Kc6 68. Kc4 Rf4+ 69. Kb3 Rf5 70. c4 Rh5 71. Kb4 Rh8 72. b3 Rh4 73. Ka4 Kc5 74. d7 Rh8 75. Rg5+ Kc6 76. Rd5 Ra8+ 77. Kb4 Rb8+ 78. Kc3 Rd8 79. b4 1-0